[Event "Bad Woerishofen op"]
[Site "Bad Woerishofen"]
[Date "2001.??.??"]
[Round "7"]
[White "Platten, Herbert"]
[Black "Feicht, Roland"]
[Result "1-0"]
[WhiteElo "1900"]
[BlackElo "1490"]
[Annotator "ChessOrg"]
[PlyCount "49"]
[EventDate "1998.03.05"]
[Source "ChessBase"]
[SourceDate "1998.04.29"]

1. d4 {E38: Nimzoindisch (4.Dc2)} 1... Nf6 2. c4 e6 3. Nc3 Bb4 4. Qc2 c5 5.
dxc5 Qc7 6. a3 6... Bxc3+ {letzter Buchzug} 7. Qxc3 (7. bxc3 $143 7... Na6 $11)
7... Qxc5 8. e3 O-O 9. Bd3 d5 10. b4 Qc7 11. c5 (11. Bb2 11... a5 $14) 11... b6
12. Bb2 Bb7 13. Nf3 (13. Qe5 $142 13... Qd8 14. Qg5 $14) 13... d4 (13... Rc8 $5
$11 $142) 14. Qxd4 (14. exd4 14... Rc8 $16) 14... Rd8 $14 15. cxb6 axb6 16.
Bxh7+ (16. Qc4 $142 16... Qxc4 17. Bxc4 $16) 16... Kh8 $4 (16... Kxh7 17. Qh4+
Kg8 18. Bxf6 gxf6 19. Qxf6 Rxa3 20. Qg5+ Kf8 21. Qh6+ Ke8 22. Qh8+ Kd7 23. Rd1+
Kc8 24. Rxd8+ 24... Qxd8 $19) 17. Qh4 $18 17... Nxh7 18. Ng5 Be4 19. Nxe4 (19.
Qxe4 $6 19... Nxg5 20. Qxa8 20... Qc2 $18) 19... Nd7 20. Ng5 (20. Rc1 $142
20... Qa7 21. Ng5 Ndf8 22. Nxh7 22... Nxh7 $18) 20... Qc2 (20... Ndf8 21. Qg3
Qxg3 22. hxg3 Kg8 23. Nxh7 23... Nxh7 $18) 21. Nxf7+ Kg8 22. Nxd8 Qxb2 23. O-O
(23. Rd1 $142 23... Qc3+ 24. Ke2 Nhf6 25. Nxe6 25... Rxa3 $18) 23... Qf6 (23...
g5 24. Qg4 Rxd8 25. Qxe6+ 25... Kh8 $18) 24. Qxf6 Nhxf6 25. Nxe6 (25. Nxe6 Kf7
26. Nd4 $18) 1-0

[Event "Bad Woerishofen op"]
[Site "Bad Woerishofen"]
[Date "2001.??.??"]
[Round "9"]
[White "Platten, Herbert"]
[Black "Pohlers, Juergen"]
[Result "1-0"]
[WhiteElo "1900"]
[BlackElo "2129"]
[Annotator "ChessOrg"]
[PlyCount "61"]
[EventDate "1998.03.05"]
[Source "ChessBase"]
[SourceDate "1998.04.29"]

1. d4 {D13: Damengambit (Slawische Verteidigung, Abtauschvariante)} 1... d5 2.
c4 c6 3. cxd5 cxd5 4. Nc3 Nf6 5. Nf3 Nc6 6. Bf4 e6 7. e3 Bb4 8. Nd2 {
letzter Buchzug} 8... a6 9. Rc1 O-O 10. Bd3 e5 (10... b6 $5 $14) 11. dxe5 (11.
Bxe5 Ng4 12. Bf4 12... Re8 $16) 11... Ng4 (11... d4 12. exd4 Qxd4 13. exf6 Qxf4
14. fxg7 Re8+ 15. Ne2 $14) 12. Bb1 (12. h3 $5 12... Ngxe5 13. Bxe5 Nxe5 14.
Bxh7+ Kxh7 15. Qh5+ Kg8 16. Qxe5 $16) 12... d4 $14 13. Qc2 g6 14. exd4 Qxd4 15.
Nde4 Bf5 16. O-O Ngxe5 17. Bh6 (17. Rfd1 $5 17... Qa7 18. Nd5 Bxe4 19. Nf6+ Kg7
20. Qxe4 Kxf6 21. Bxe5+ Nxe5 22. Qf4+ Kg7 23. Qxe5+ Kg8 24. Qf4 $16) 17... Rfd8
$14 18. Bg5 Be7 19. Be3 (19. Bxe7 Nxe7 20. Rfd1 20... Qb6 $14) 19... Qc4 $11
20. b3 Qe6 21. Qe2 Ng4 22. Ng5 Qd6 23. Nf3 Nxe3 24. Qxe3 Bxb1 25. Rxb1 Qd3 26.
Qc1 (26. Rbd1 Qxe3 27. fxe3 27... Nb4 $15) 26... Bf6 27. Nd1 (27. Na4 Nd4 28.
Nxd4 28... Bxd4 $15) 27... Rac8 28. Nb2 Qf5 29. Qe3 (29. Nc4 Nd4 30. Nxd4 30...
Bxd4 $17) 29... Nb4 (29... Nd4 $5 $19) 30. Qb6 $17 30... Qb5 $4 (30... Nxa2
$142 31. Qxb7 Qb5 32. Qxb5 32... axb5 $17) 31. Qxf6 $18 (31. Qxf6 Nd5 32. Qg5
$18) 1-0

[Event "Bad Woerishofen op"]
[Site "Bad Woerishofen"]
[Date "2001.??.??"]
[Round "2"]
[White "Poehler, Margit"]
[Black "Popitz, Andreas"]
[Result "0-1"]
[WhiteElo "1780"]
[BlackElo "2188"]
[Annotator "ChessOrg"]
[PlyCount "44"]
[EventDate "1998.03.05"]
[Source "ChessBase"]
[SourceDate "1998.04.29"]

1. d4 {A66: Benoni (Zentraler Angriff)} 1... Nf6 2. c4 c5 3. d5 e6 4. Nc3 exd5
5. cxd5 d6 6. e4 g6 7. f4 Bg7 8. h3 {letzter Buchzug} 8... O-O 9. Nf3 Re8 10.
Bd3 Nxe4 11. Nxe4 f5 12. Nfg5 fxe4 13. Bb5 $4 (13. Bxe4 $142 13... Bf5 14. Qe2
Bxe4 15. Nxe4 $17) 13... Qa5+ $19 14. Kf2 Qxb5 15. Re1 e3+ (15... Bd4+ 16. Kg3
Bf5 17. Kh2 $19) 16. Bxe3 Qxb2+ 17. Bd2 (17. Qd2 Bf5 18. Rac1 18... Na6 $19)
17... Rf8 18. Rb1 Qd4+ 19. Kg3 (19. Be3 Rxf4+ 20. Kg1 Qxd1 21. Rbxd1 21... Rf5
$19) 19... h6 (19... Qxd5 20. Be3 Qc6 21. Bc1 $19) 20. Nf3 (20. Ne6 Bxe6 21.
dxe6 $19) 20... Qxd5 21. Re7 (21. Be3 21... Be6 $19) 21... Bf6 (21... Qxa2 22.
Rc1 $19) 22. Rc7 (22. Re2 Bf5 23. Be3 23... Qd3 $19) 22... Na6 (22... Na6 23.
Rxc8 23... Raxc8 $19) 0-1

[Event "Bad Woerishofen op"]
[Site "Bad Woerishofen"]
[Date "2001.??.??"]
[Round "7"]
[White "Poehler, Margit"]
[Black "Sammut Briffa, Peter"]
[Result "0-1"]
[WhiteElo "1780"]
[BlackElo "2000"]
[Annotator "ChessOrg"]
[PlyCount "78"]
[EventDate "1998.03.05"]
[Source "ChessBase"]
[SourceDate "1998.04.29"]

1. d4 {A68: Benoni (Dreibauern-System)} 1... Nf6 2. c4 g6 3. Nc3 Bg7 4. e4 d6
5. f4 O-O 6. Nf3 c5 7. d5 e6 8. Bd3 exd5 9. cxd5 9... Re8 {letzter Buchzug} 10.
O-O c4 11. Bc2 b5 12. e5 dxe5 13. fxe5 (13. Nxe5 $143 13... Bb7 $17) 13... Ng4
14. Nxb5 Qb6+ 15. Nbd4 (15. Kh1 $142 15... Ba6 16. Nd6 $14) 15... Nxe5 $15 16.
Kh1 Bg4 (16... Nd3 $5 17. Bxd3 17... cxd3 $11) 17. h3 $11 17... Bxf3 18. Nxf3 (
18. gxf3 $143 18... Nd3 19. Bxd3 19... cxd3 $17 (19... Qxd4 $6 20. Be2 $15) (
19... Bxd4 $6 20. Bxc4 Nd7 21. f4 $14)) 18... Nbd7 19. Ba4 Red8 20. Bg5 f6 21.
d6 $2 (21. Bc1 $5 $15) 21... fxg5 $17 22. Qd5+ Kh8 23. Bxd7 Nxd7 24. Nxg5 Ne5
25. Rae1 Qxd6 26. Nf7+ $2 (26. Qxd6 $142 26... Rxd6 27. Rxe5 Bxe5 28. Nf7+ Kg8
29. Nxe5 $19) 26... Nxf7 27. Qxf7 Rf8 (27... Bxb2 $6 28. Re7 Qxe7 29. Qxe7 $11)
28. Qxc4 Rxf1+ (28... Bxb2 29. Rf7 Rac8 30. Qb3 Rxf7 31. Qxf7 $19) 29. Rxf1 (
29. Qxf1 Bxb2 30. Qf7 30... Qf8 $19) 29... Rf8 (29... Bxb2 30. Qf7 $19) 30. Rb1
(30. Rxf8+ Qxf8 31. b4 31... Be5 $19) 30... Rf4 (30... Rf2 31. Qc8+ Qf8 32.
Qxf8+ Bxf8 33. a3 $19) 31. Qc8+ Qf8 32. Qa6 Bd4 (32... Rf3 33. Qc4 Rf2 34. b4
$19) 33. Qd3 Qf6 34. Rc1 (34. b4 $19) 34... Bxb2 35. Rc8+ (35. Re1 35... Be5
$19) 35... Kg7 36. Rc7+ Kh6 37. Qd2 (37. Qe3 Qe5 38. Re7 Qxe3 39. Rxe3 39...
Ra4 $19) 37... Qd4 (37... g5 38. Kh2 Rf2 39. Rxh7+ Kxh7 40. Qd3+ Kh8 41. Kg1
Bd4 42. h4 Re2+ 43. Kh2 Be5+ 44. Qg3 Bxg3+ 45. Kh3 Qf4 46. hxg5 Qh4#) 38. Qe2 (
38. Qxd4 Bxd4 39. Rc1 $19) 38... Rf2 39. Qe1 Qf4 (39... Qf4 40. Qg1 Rf1 41. Re7
Bd4 42. Qxf1 Qxf1+ 43. Kh2 Bg1+ 44. Kg3 Qf2+ 45. Kg4 Bh2 46. Rxh7+ Kxh7 47. h4
Qxg2#) 0-1

[Event "Bad Woerishofen op"]
[Site "Bad Woerishofen"]
[Date "2001.??.??"]
[Round "9"]
[White "Poehler, Margit"]
[Black "Friedrich, Wolfgang"]
[Result "0-1"]
[WhiteElo "1780"]
[BlackElo "2095"]
[Annotator "ChessOrg"]
[PlyCount "94"]
[EventDate "1998.03.05"]
[Source "ChessBase"]
[SourceDate "1998.04.29"]

1. d4 {D06: Damengambit (Seltene Zuege)} 1... d5 2. c4 Bf5 3. Nc3 3... c6 {
letzter Buchzug} 4. Bf4 (4. Qb3 Qb6 5. Qxb6 axb6 6. cxd5 6... Nf6 $14) 4... Nf6
5. Qb3 Qb6 6. Qxb6 axb6 7. cxd5 Nxd5 8. Nxd5 cxd5 9. e3 Nc6 10. Bb5 Kd7 (10...
e6 11. Bc7 $14) 11. Nf3 $16 11... f6 12. O-O g5 13. Bg3 h5 14. h4 g4 15. Nd2
Bh6 16. a4 Rhc8 17. Nb1 Kd8 18. Nc3 Nb4 19. Rfd1 Bc2 20. Rd2 Bb3 21. Rb1 Bg7
22. f4 f5 23. Be1 Nc2 24. Kf2 (24. Re2 24... e6 $11) 24... e6 25. g3 Bf8 26.
Re2 Nxe1 27. Rexe1 Bb4 28. Rec1 Ra5 29. Ke2 Rc7 30. Kd3 Rc8 (30... Ra8 31. Ke2
$15) 31. Ra1 (31. Ke2 $5 $11) 31... Rca8 $15 32. Rab1 Bxc3 (32... Ke7 $5 $15)
33. bxc3 $11 33... Bxa4 34. Bxa4 Rxa4 35. Rxb6 35... Ra1 $2 (35... Ke7 36.
Rxb7+ Kf6 37. Rh7 $14) 36. Kc2 $4 (36. Rxa1 $5 36... Rxa1 37. Rxe6 (37. Rxb7 $6
37... Rd1+ 38. Ke2 38... Rg1 $14) 37... Rd1+ 38. Ke2 $18) 36... Kc7 (36...
R8a2+ $5 37. Kd1 37... Ke7 $11) 37. Rxa1 $14 37... Rxa1 38. Rb1 $4 (38. Rxe6 $5
$142 38... Rg1 39. Re5 $16) 38... Rxb1 (38... Ra4 39. Rb5 $15) 39. Kxb1 $11
39... Kb6 40. Kb2 Ka6 41. Ka3 Ka5 42. Kb3 (42. Kb2 $5 $15) 42... Kb5 $17 43.
Kc2 $2 (43. Kb2 Kc4 44. Kc2 $19) 43... Kc4 $19 44. Kd2 Kb3 45. Kd3 b5 46. Kd2
Kb2 47. e4 (47. Kd3 Kc1 48. c4 bxc4+ 49. Kc3 49... Kd1 $19) 47... fxe4 (47...
fxe4 48. f5 48... exf5 $19) 0-1

[Event "Bad Woerishofen op"]
[Site "Bad Woerishofen"]
[Date "2001.??.??"]
[Round "2"]
[White "Pohlers, Juergen"]
[Black "Rahls, Peter"]
[Result "0-1"]
[WhiteElo "2129"]
[BlackElo "2308"]
[Annotator "ChessOrg"]
[PlyCount "64"]
[EventDate "1998.03.05"]
[Source "ChessBase"]
[SourceDate "1998.04.29"]

1. d4 {A44: Alt-Benoni} 1... c5 2. d5 e5 3. c4 d6 4. e4 Be7 5. Nc3 5... a6 {
letzter Buchzug} 6. Bd3 Bg5 7. Nf3 (7. Bxg5 Qxg5 8. Nf3 8... Qg6 $11) 7... Bxc1
8. Qxc1 Ne7 9. Qg5 O-O 10. h4 h6 11. Qd2 Nd7 12. g4 Ng6 13. O-O-O (13. g5 13...
h5 $11) 13... Nf4 (13... b5 14. cxb5 Nf4 15. Rhg1 $11) 14. Rdg1 (14. g5 14...
h5 $11) 14... b5 $15 15. h5 f6 16. Nh4 Nb6 17. Ng6 Nxd3+ (17... Nxg6 18. hxg6
bxc4 19. Be2 $17) 18. Qxd3 Re8 19. b3 bxc4 20. bxc4 Rb8 21. f3 (21. Nd1 21...
Nd7 $17) 21... Bd7 (21... a5 $19 $142) 22. Kd2 Na8 23. Rb1 Qa5 24. Ne7+ Kh7 25.
Nc6 Bxc6 26. dxc6 Rb4 27. Ke3 Nb6 28. Kf2 Rxc4 29. Rxb6 Rxc3 30. Qxa6 (30. Rxa6
$5 $142 30... Qb4 31. Qe2 $15 (31. Qxd6 Qb2+ 32. Kg3 Qe2 33. Qxf6 gxf6 34. Ra7+
Kg8 35. Rg7+ Kxg7 36. Rf1 Qxf1 37. a4 Rxf3+ 38. Kh4 Rh3#)) 30... Rc2+ $19 31.
Kg3 Qd2 (31... Rxa2 32. Qxa5 Rxa5 33. Rd1 $14) 32. Qf1 Rxa2 (32... Rxa2 33. c7
33... Rc8 $19) 0-1

[Event "Bad Woerishofen op"]
[Site "Bad Woerishofen"]
[Date "2001.??.??"]
[Round "4"]
[White "Pohlers, Juergen"]
[Black "Braun, Peter"]
[Result "0-1"]
[WhiteElo "2129"]
[BlackElo "2258"]
[Annotator "ChessOrg"]
[PlyCount "158"]
[EventDate "1998.03.05"]
[Source "ChessBase"]
[SourceDate "1998.04.29"]

1. d4 {E33: Nimzoindisch (4.Dc2)} 1... Nf6 2. c4 e6 3. Nc3 Bb4 4. Qc2 Nc6 5.
Nf3 d6 6. Bd2 O-O 7. a3 Bxc3 8. Bxc3 Re8 9. O-O-O {letzter Buchzug} 9... Qe7
10. e3 a5 11. h4 e5 12. d5 Nb8 13. Ng5 Nbd7 14. Be2 a4 15. Rdg1 c6 16. Bh5 Rf8
17. Bd1 (17. dxc6 $5 17... bxc6 18. Bf3 $11) 17... cxd5 $17 18. cxd5 e4 19. f3
Re8 20. fxe4 Ne5 (20... h6 21. g4 hxg5 22. hxg5 22... Qxe4 $18 (22... Nxe4 $4
23. Qh2 f6 24. g6 Nxc3 25. Qh8#)) 21. Rf1 Bd7 22. Kb1 (22. Be2 22... Rac8 $11)
22... Rec8 23. Be2 h6 24. Nf3 (24. Nh3 $5 $15) 24... Neg4 $17 25. e5 (25. Re1
Nf2 26. Rhf1 N2xe4 27. Bxf6 27... Nxf6 $17) 25... dxe5 (25... Nxd5 26. Ng5 hxg5
27. hxg5 Nxc3+ 28. bxc3 Qxe5 29. Qh7+ Kf8 30. Qg6 $19) 26. e4 $17 26... Ne3 27.
Qd3 Nxf1 28. Rxf1 Ng4 29. Bb4 Qd8 30. Bc3 f6 31. Nd2 Qb6 32. Nc4 (32. g3 Rc5
33. Bb4 33... Bb5 $19) 32... Rxc4 33. Qxc4 Ne3 34. Qb4 Qxb4 35. Bxb4 Nxf1 36.
Bxf1 Rc8 37. Bc3 Kf7 38. Be2 g6 39. Kc1 h5 40. Kd2 Kg7 41. Bb4 41... Kf7 $4 (
41... f5 42. Bd3 $19) 42. Bc3 Be8 (42... Ke7 43. Bb4+ Ke8 44. Bd3 $19) 43. Ke3
Ke7 44. Bb4+ Kf7 (44... Kd8 45. Ba5+ Kd7 46. g4 $17) 45. Bc3 $19 45... Rc5 46.
Bd3 (46. g4 46... Kg7 $17) 46... Bd7 47. g3 Ke8 48. Kd2 Rc8 49. Ke3 Kf8 50. Kd2
Kg8 51. Ke3 Kh7 52. Kf2 Re8 53. Bd2 Kg7 54. Be2 Rc8 55. Bc3 Rc5 56. Ke3 56...
Rc8 $4 (56... b5 57. Bd3 $19) 57. Kf2 b6 58. Bd3 Kf7 59. Ke3 Rc5 60. Kd2 60...
Rc8 $4 (60... Ke8 61. Bb4 Rc8 62. Bd6 $19) 61. Ke3 Re8 62. Be2 Ke7 63. Bb4+ Kf7
(63... Kd8 64. Bd1 $19) 64. Bc3 $19 64... Kg7 65. Kf2 Kh7 66. Bd2 Rc8 67. Bc3
Rc5 68. Ke3 Kh6 69. Bd3 Rc8 70. Kf2 Re8 71. Bd2+ g5 72. Be3 b5 73. Bd2 Kg6 74.
Be2 Rc8 75. Bc3 gxh4 76. gxh4 b4 77. Bxb4 Rc2 78. Ke3 (78. Ke1 $19 $142) 78...
Rxb2 79. Bd6 Rb3+ (79... Rb3+ 80. Kf2 80... Rh3 $19) 0-1

[Event "Bad Woerishofen op"]
[Site "Bad Woerishofen"]
[Date "2001.??.??"]
[Round "6"]
[White "Pohlers, Juergen"]
[Black "Lada, Ireneusz"]
[Result "0-1"]
[WhiteElo "2129"]
[BlackElo "2216"]
[Annotator "ChessOrg"]
[PlyCount "48"]
[EventDate "1998.03.05"]
[Source "ChessBase"]
[SourceDate "1998.04.29"]

1. d4 {
A41: Moderne Verteidigung gegen 1.d4 (mit oder ohne spaeterem e2-e4 und Sf6)}
1... d6 2. c4 e5 3. dxe5 dxe5 4. Qxd8+ Kxd8 5. Nc3 Be6 6. b3 6... c6 {
letzter Buchzug} 7. g3 Nd7 8. Bh3 Bxh3 9. Nxh3 Bb4 10. Bd2 h6 11. a3 Be7 12. f4
Ngf6 13. O-O Re8 14. b4 e4 15. Rfd1 Bf8 16. Be3 Kc7 (16... Ng4 17. Bd4 $11) 17.
Nf2 Nb6 18. Bxb6+ axb6 19. e3 Ra7 20. Ra2 Rea8 21. Rda1 g6 22. Kf1 Bg7 23. a4
23... Ng4 $1 24. Nfxe4 $2 (24. Nxg4 Bxc3) 24... f5 $19 (24... f5 25. Re1 fxe4
26. Nxe4 Rxa4 27. Rxa4 27... Rxa4 $19) (24... Nxe3+ $143 25. Ke2 Nxc4 26. Kd3
$19) 0-1

[Event "Bad Woerishofen op"]
[Site "Bad Woerishofen"]
[Date "2001.??.??"]
[Round "8"]
[White "Pohlers, Juergen"]
[Black "Carl, Werner"]
[Result "1/2-1/2"]
[WhiteElo "2129"]
[BlackElo "1896"]
[Annotator "ChessOrg"]
[PlyCount "63"]
[EventDate "1998.03.05"]
[Source "ChessBase"]
[SourceDate "1998.04.29"]

1. d4 {A58: Wolga/Benkoe-Gambit} 1... Nf6 2. c4 c5 3. d5 b5 4. cxb5 a6 5. bxa6
d6 6. Nc3 g6 7. e4 Bg7 8. Nf3 O-O 9. h3 9... Qc7 {letzter Buchzug} 10. Be3 Bxa6
11. Bxa6 Nxa6 12. O-O Rfb8 13. Rb1 Nd7 14. Qe2 Qa5 15. Bg5 Qd8 16. Rfc1 Rb7 17.
Bd2 Qb8 18. Bg5 (18. Bf4 Nc7 19. b3 19... Rb4 $16) 18... Qd8 19. Bd2 (19. Ra1
19... Nc7 $16) 19... Qb8 20. Bg5 (20. Bf4 Nc7 21. b3 21... Rb4 $16) 20... Qd8
21. Be3 Ne5 22. Nxe5 Bxe5 23. Bd2 Bd4 24. Qe1 (24. Nb5 24... Bh8 $16) 24... Qb8
(24... Nb4 25. Qf1 Nxa2 26. Nxa2 Rxa2 27. Bc3 $11) 25. Be3 (25. a4 25... Nc7
$14) 25... Bg7 (25... Nb4 26. b3 $15) 26. Bd2 (26. Qd2 Nc7 27. b3 27... Rb4 $16
) 26... Rxb2 (26... Nb4 27. Rd1 $11) 27. Rxb2 (27. a4 27... c4 $14) 27... Qxb2
$11 28. Rb1 Qc2 29. Rc1 Qb2 30. Rb1 Qc2 31. Rc1 Qb2 32. Rb1 1/2-1/2

[Event "Bad Woerishofen op"]
[Site "?"]
[Date "2001.??.??"]
[Round "1"]
[White "Polushkina, Svetlana"]
[Black "Sakowski, Christian"]
[Result "1/2-1/2"]
[WhiteElo "2160"]
[BlackElo "1713"]
[Annotator "ChessOrg"]
[PlyCount "98"]
[EventDate "2000.??.??"]

1. d4 {E11: Damenindisch (Bogoljubow-Variante)} 1... Nf6 2. Nf3 e6 3. c4 Bb4+
4. Bd2 Qe7 5. Qc2 O-O 6. Nc3 b6 7. g3 Bb7 8. Bg2 d6 9. O-O Nbd7 10. Rfe1 {
letzter Buchzug} 10... c5 11. a3 Bxc3 12. bxc3 (12. Bxc3 cxd4 13. Bxd4 13... e5
$11) 12... Rfd8 13. e4 e5 14. d5 Nf8 15. Nh4 g6 16. Bg5 h5 17. Nf3 N8h7 18. Bh4
Qf8 19. Ng5 Re8 20. Qc1 Nxg5 21. Bxg5 (21. Qxg5 $143 21... Nh7 22. Qd2 22... f6
$17) 21... Nh7 22. Bh6 Qe7 23. h4 Bc8 24. Ra2 f6 25. Be3 Qd7 26. Qd1 Qg7 27.
Kh2 Nf8 28. f4 Bg4 29. Bf3 Bxf3 (29... exf4 30. Bxf4 (30. gxf4 $143 30... Rxe4
31. Bxg4 31... hxg4 $17) 30... Bxf3 31. Qxf3 $11) 30. Qxf3 Qh7 (30... exf4 31.
gxf4 (31. Qxf4 $143 31... Nd7 $17) 31... Qe7 32. Bf2 $11) 31. Rf2 Nd7 32. f5
Re7 33. Rg1 gxf5 34. Qxf5 Qxf5 35. Rxf5 Rh7 36. Kh3 Kf7 37. Bf2 Rg8 38. Rf3 (
38. g4 $5 $14 $142) 38... Rg4 $17 39. Re1 Ke7 (39... Kg6 $5 $17 $142) 40. Rf5
$11 40... Rh8 (40... Kf7 $5 41. Rxh5 Rxg3+ 42. Bxg3 42... Rxh5 $11) 41. Rxh5
$14 41... Rxg3+ 42. Bxg3 (42. Kxg3 Rxh5) 42... Rxh5 43. Kg4 Rh8 44. Rf1 Rg8+
45. Kh3 Nf8 46. a4 a5 47. Rb1 Nd7 48. h5 Kf7 49. Kh4 (49. Rf1 $5 $14) 49... Rg5
(49... f5 $5 50. exf5 50... Nf6 $11) 1/2-1/2

[Event "Bad Woerishofen op"]
[Site "Bad Woerishofen"]
[Date "2001.??.??"]
[Round "3"]
[White "Polushkina, Svetlana"]
[Black "Bonani, Georg"]
[Result "0-1"]
[WhiteElo "2160"]
[BlackElo "1794"]
[Annotator "ChessOrg"]
[PlyCount "92"]
[EventDate "1998.03.05"]
[Source "ChessBase"]
[SourceDate "1998.04.29"]

1. d4 {A48: Koenigsindisch (ohne c2-c4)} 1... Nf6 2. Nf3 g6 3. Bg5 Bg7 4. c3
O-O 5. Nbd2 d6 6. e4 6... Nfd7 {letzter Buchzug} 7. Bc4 Nc6 8. a4 Qe8 9. h4 e5
10. h5 exd4 11. hxg6 hxg6 12. cxd4 Nxd4 (12... Nb6 13. Bb5 f5 14. Qb3+ Be6 15.
Qe3 fxe4 16. Nxe4 $11) 13. Nxd4 Bxd4 14. Qg4 Qe5 (14... Bxb2 $4 15. Qh3 Qxe4+
16. Nxe4 Bc3+ 17. Kd1 Rd8 18. Qh7+ Kf8 19. Qxf7#) 15. Nf3 (15. Be7 $1 $142
15... Qg7 16. Bxf8 Nxf8 17. Qf3 $14) 15... Nf6 $15 16. Nxe5 Nxg4 (16... Bxg4 $4
17. Bxf6 Bh5 18. Nxg6 Bxf6 19. Nxf8 $18 (19. Rxh5 $6 19... Rfe8 20. f3 20...
Kg7 $18)) 17. Nxg6 Nxf2 (17... Re8 $5 $142 18. Ne7+ 18... Kg7 $15) 18. Ne7+ $16
18... Kg7 19. Bh6+ Kf6 20. Nd5+ Kg6 21. Nf4+ Kh7 (21... Kf6 22. Bxf8 Nxh1 23.
Nd5+ Kg6 24. Nxc7 24... Bxb2 $11) 22. Bxf8+ $4 (22. Rh4 $142 22... Re8 23. Bxf7
Rxe4+ 24. Kf1 Rxf4 25. Bxf4+ Kg7 26. Bh6+ Kxf7 27. Rxd4 $16) 22... Nxh1 $17 23.
O-O-O (23. Kd2 Nf2 24. Bxf7 24... Bxb2 $17 (24... Nxe4+ $2 25. Kd3 Bh3 26. Bg6+
(26. gxh3 $6 26... Bxb2 27. Kxe4 Bxa1 28. Bg6+ 28... Kh8 $11) (26. Kxe4 $6
26... Bxg2+ 27. Nxg2 27... Rxf8 $16) 26... Kg8 27. Bxe4 (27. Nxh3 $6 27... Nc5+
28. Kxd4 Nb3+ 29. Ke3 29... Nxa1 $16) (27. gxh3 Bxb2 28. Kxe4 28... Bxa1 $11) (
27. Kxe4 $6 27... Bxb2 28. Rb1 28... Bd7 $18) 27... Rxf8 28. Nxh3 $18)) 23...
Be3+ $19 24. Kb1 Ng3 (24... Nf2 $5 25. Rf1 Nxe4 26. Rh1+ Kg8 27. Ng6 $19) 25.
Nd5 $17 25... Be6 26. Be7 Bb6 27. Nf6+ Kg7 28. Rd3 Ne2 (28... Bxc4 $6 29. Rxg3+
Kh6 30. Ng4+ Kh5 31. Nf6+ Kh6 32. Ng4+ Kh5 33. Nf6+ 33... Kh6 $11) 29. Bxe6 (
29. Nd5 Re8 30. Bf6+ 30... Kg6 $15) 29... fxe6 30. Nh5+ Kf7 31. Bg5 Kg6 32.
Nf4+ Nxf4 (32... Kxg5 33. Nxe2 Kf6 34. Rh3 $19) 33. Bxf4 $17 33... e5 34. Rg3+
Kf7 35. Bd2 Rg8 36. Rf3+ (36. Rxg8 $5 36... Kxg8 37. Bc3 $17) 36... Ke6 $19 37.
g3 Rg4 38. a5 Bd4 39. Rb3 b6 (39... Rxe4 $6 40. Rxb7 Kd7 41. Kc2 $19) 40. axb6
axb6 41. Kc2 Rxe4 42. Kd3 (42. Rf3 42... Re2 $19) 42... Rg4 43. Ke2 e4 44. Bf4
Be5 45. Bxe5 Kxe5 (45... dxe5 $6 46. Rc3 c5 47. Rb3 $19) 46. Rc3 Rg7 (46... Rg7
47. Ra3 47... d5 $19) 0-1

[Event "Bad Woerishofen op"]
[Site "Bad Woerishofen"]
[Date "2001.??.??"]
[Round "6"]
[White "Polushkina, Svetlana"]
[Black "Gerhards, Walter"]
[Result "1-0"]
[WhiteElo "2160"]
[BlackElo "1900"]
[Annotator "ChessOrg"]
[PlyCount "51"]
[EventDate "1998.03.05"]
[Source "ChessBase"]
[SourceDate "1998.04.29"]

1. d4 {E00: Katalanisch} 1... Nf6 2. Nf3 e6 3. c4 d5 4. g3 c6 5. Bg2 Bd6 6. O-O
O-O 7. Nbd2 Nbd7 8. Re1 {letzter Buchzug} 8... b6 9. b3 (9. e4 dxe4 10. Ng5
10... Bb4 $14) 9... Ba6 10. Bb2 Rc8 11. e4 dxe4 12. Nxe4 Nxe4 13. Rxe4 Nf6 14.
Rh4 Qe7 15. Ne5 15... Rfd8 $2 (15... Bb7 $11 $142) 16. Nxc6 $18 16... Rxc6 17.
Bxc6 e5 (17... Ba3 18. Bxa3 Qxa3 19. d5 $18) 18. dxe5 Bxe5 19. Qe2 g5 20. Bxe5
(20. Rd4 $1 $142 20... Rxd4 21. Bxd4 $18) 20... gxh4 21. Re1 Bc8 22. Qf3 Ng4
23. Bc3 Qg5 24. h3 Nh6 (24... hxg3 25. Qxg3 h6 26. hxg4 $18) 25. Qf6 (25. Bf6
Qd2 26. Re5 Qd1+ 27. Kg2 Qxf3+ 28. Bxf3 hxg3 29. Bxd8 Be6 30. fxg3 30... Nf5
$18) 25... Qxf6 26. Bxf6 (26. Bxf6 Rf8 27. Re5 $18 (27. Bxh4 $6 27... Bxh3 28.
Re7 Nf5 29. Rxa7 Nxh4 30. gxh4 30... Rc8 $18) (27. gxh4 $6 27... Nf5 $18)) 1-0

[Event "Bad Woerishofen op"]
[Site "Bad Woerishofen"]
[Date "2001.??.??"]
[Round "8"]
[White "Polushkina, Svetlana"]
[Black "Foehl, Frithjof"]
[Result "1-0"]
[WhiteElo "2160"]
[BlackElo "1840"]
[Annotator "ChessOrg"]
[PlyCount "87"]
[EventDate "1998.03.05"]
[Source "ChessBase"]
[SourceDate "1998.04.29"]

1. d4 {A31: Englische Eroeffnung (Symmetrische Variante)} 1... Nf6 2. c4 c5 3.
Nf3 cxd4 4. Nxd4 Nc6 5. Nc3 d6 6. e4 g6 7. Be2 Bg7 8. Be3 Bd7 9. O-O O-O 10.
Kh1 10... Re8 {letzter Buchzug} 11. Qd2 Qc8 12. Rac1 Ne5 13. f3 Qd8 14. g4 Rc8
15. b3 Bh8 16. g5 Nh5 17. f4 Ng4 18. Bg1 e5 19. Ndb5 Nxf4 20. Nxd6 (20. Nxa7 $6
20... Ra8 (20... Nxe2 $2 21. Nxe2 Ra8 22. h3 $16 (22. Qxd6 $4 22... Bf5 23. Bc5
Bxe4+ 24. Kg1 24... Qxg5 $19)) 21. h4 Nxe2 22. Qxe2 22... f6 $16) 20... Qxg5 $2
(20... Nxe2 21. Nxe2 Bc6 22. Ng3 $16 (22. Rxf7 $4 22... Qxd6 23. Qc2 23... Kxf7
$19)) 21. Nxe8 $4 (21. Nxf7 Qh4 22. Qxd7 Nf6 23. Qxb7 Rb8 24. Qxa7 24... Ra8
$18) 21... Ne3 22. Rf2 (22. Qxe3 $4 22... Qg2#) 22... Bh3 (22... Nh3 23. Bf3
Qf4 24. Nd6 Nxf2+ 25. Qxf2 Nxc4 26. Ne2 (26. bxc4 $6 26... Qxc1 27. Nxc8 Qxc3
28. Ne7+ 28... Kg7 $16) (26. Nxc8 $143 26... Qxc1 27. Ne7+ 27... Kg7 $18) 26...
Qxc1 27. Nxc1 Nxd6 28. Qd2 $18) 23. Bf3 Ng4 (23... Nxc4 24. bxc4 Rxe8 25. Nd5
$18) 24. Bxg4 Bxg4 25. Nd6 Qh5 (25... Rd8 26. c5 Qh5 27. Rcf1 $18) 26. Rcf1 Rd8
27. Nd5 g5 (27... Rd7 $18) 28. Nxb7 (28. Nxf4 $143 28... exf4 29. Qd5 Bh3 30.
Rxf4 Bxf1 31. Rxf1 Qg6 32. Qxf7+ Qxf7 33. Nxf7 33... Re8 $18) 28... Rf8 29. Nc5
h6 (29... Re8 30. b4 $18) 30. Nd3 (30. Nd7 $1 $142 30... Bxd7 31. Ne7+ Kh7 32.
Qxd7 32... Bg7 $18) 30... Kh7 31. N3xf4 (31. Qe3 31... a5 $18) 31... exf4 32.
Qd3 Be5 33. Rd2 Kh8 (33... Bh3 34. Rff2 $18) 34. Bd4 f6 35. Bxe5 (35. Bxa7
35... Rc8 $18) 35... fxe5 36. Qc3 Qe8 37. Rg2 Bh5 38. Nc7 Qe7 39. Qh3 Qf7 40.
Qe6 Qg7 41. Rd2 Rf7 (41... Bg6 42. Rd6 Bxe4+ 43. Kg1 Bf5 44. Qxh6+ Qxh6 45.
Rxh6+ 45... Kg7 $18) 42. Ne8 Qf8 43. Qxe5+ Kg8 44. Rd8 (44. Rd8 Kh7 45. Rd6 $18
) 1-0